[Event "7. Europa ch"]
[Site "Kusadasi TUR"]
[Date "2006.04.07"]
[Round "4.61"]
[White "Aleskerov, Faik"]
[Black "Williams, Simon Kim"]
[Result "0-1"]
[WhiteElo "2309"]
[BlackElo "2452"]
[PlyCount "31"]
[EventDate "2006.04.04"]
[EventType "swiss"]
[EventRounds "9"]
[EventCountry "TUR"]
[Source "lmi"]
[SourceDate "2006.04.11"]

1. e4 c5 2. a3 g6 3. h4 h5 4. Nc3 Bg7 5. b4 d6 6. Rb1 Nc6 7. Nf3 Nf6 8. d3 O-O
9. Be2 Ng4 10. Nd5 Nd4 11. Nxd4 cxd4 12. Bg5 f6 13. Bd2 e5 14. f3 Nh6 15. g4
hxg4 16. fxg4 0-1

[Event "7. Europa ch femenino"]
[Site "Kusadasi TUR"]
[Date "2006.04.04"]
[Round "1.23"]
[White "Atalik, Ekaterina"]
[Black "Lematschko, Tatjana"]
[Result "1-0"]
[WhiteElo "2399"]
[BlackElo "2180"]
[PlyCount "109"]
[EventDate "2006.04.04"]
[EventType "swiss"]
[EventRounds "9"]
[EventCountry "TUR"]
[Source "lmi"]
[SourceDate "2006.04.11"]

1. d4 d6 2. c4 e5 3. e3 c6 4. Nc3 Ne7 5. Nf3 f6 6. Be2 Qc7 7. O-O Be6 8. b3 Nd7
9. Ba3 Nc8 10. Nh4 Qa5 11. Bb2 Be7 12. d5 cxd5 13. Nxd5 Bxd5 14. cxd5 g6 15.
Nf3 O-O 16. e4 Qd8 17. Nd2 f5 18. exf5 gxf5 19. Kh1 Bf6 20. g4 f4 21. Bd3 Nc5
22. Bc2 a5 23. Ne4 Nxe4 24. Bxe4 Ne7 25. Qd3 h6 26. Rac1 Qb6 27. Qe2 Kg7 28.
Bd3 Rh8 29. Qe4 Qb4 30. Rc4 Qb6 31. Kg2 Kf7 32. Rfc1 Rag8 33. Kf3 h5 34. g5
Rxg5 35. Rc7 h4 36. h3 Rh6 37. R1c4 Rhg6 38. Bd4 Qa6 39. Rc2 Qa8 40. Bb2 Qh8
41. Ke2 Qh5+ 42. Qf3 Qxf3+ 43. Kxf3 Rg8 44. Ba3 Rd8 45. Rxb7 Rg7 46. Bf5 Rg5
47. Be4 Kf8 48. Rcc7 Ke8 49. Rb6 Nxd5 50. Bxd5 e4+ 51. Bxe4 Be7 52. Rbb7 Re5
53. Bb2 Re6 54. Bd5 Re1 55. Bc3 1-0

[Event "7. Europa ch femenino"]
[Site "Kusadasi TUR"]
[Date "2006.04.07"]
[Round "4.44"]
[White "Kubikova, Alena"]
[Black "Cherednichenko, Elena"]
[Result "1-0"]
[WhiteElo "2098"]
[BlackElo "2000"]
[PlyCount "59"]
[EventDate "2006.04.04"]
[EventType "swiss"]
[EventRounds "9"]
[EventCountry "TUR"]
[Source "lmi"]
[SourceDate "2006.04.11"]

1. d4 Nf6 2. c4 g6 3. Nc3 Bg7 4. e4 d6 5. f3 O-O 6. Be3 e5 7. d5 a6 8. Bd3 Ne8
9. Qd2 Nd7 10. Nge2 h6 11. O-O Kh7 12. b4 Qe7 13. Qc2 Ndf6 14. Rac1 Nh5 15. c5
Kh8 16. Na4 Bd7 17. cxd6 cxd6 18. Nb6 Rb8 19. a4 f5 20. b5 axb5 21. Nxd7 Qxd7
22. Bxb5 Qf7 23. Qd2 f4 24. Bb6 Nhf6 25. Rc2 g5 26. Qa5 Ng8 27. Qa7 Nef6 28.
Rc7 Qg6 29. Rfc1 Ra8 30. Qxb7 1-0